[Event "GER-chT U20 Girls"]
[Site "Osnabrueck"]
[Date "2018.12.28"]
[Round "4.4"]
[White "Schaefer, Leonie"]
[Black "Giede, Anna Blume"]
[Result "0-1"]
[WhiteElo "1436"]
[BlackElo "1569"]
[PlyCount "100"]
[EventDate "2018.12.27"]
[EventType "team-swiss"]
[EventRounds "7"]
[EventCountry "GER"]
[SourceTitle "CBM 188 Extra"]
[Source "ChessBase"]
[SourceDate "2019.02.26"]
[SourceVersion "1"]
[SourceVersionDate "2019.02.26"]
[SourceQuality "1"]
[WhiteTeam "Lingen"]
[BlackTeam "Harksheide"]
[WhiteTeamCountry "GER"]
[BlackTeamCountry "GER"]

1. Nf3 Nf6 2. g3 d5 3. Bg2 c6 4. 0-0 Bf5 5. d4 h6 6. c4 e6 7. Nc3 Be7 8. Qb3 Qb6 9. Bf4 0-0 10. Rac1 dxc4 11. Qxb6 axb6 12. Ne5 b5 13. a3 Nd5 14. e4 Nxc3 15. Rxc3 Bh7 16. d5 Bf6 17. Rcc1 g5 18. Ng4 Bxb2 19. Bd6 Bxc1 20. Nf6+ Kg7 21. Bxf8+ Kxf8 22. Rxc1 Kg7 23. Ne8+ Kf8 24. Nc7 Rxa3 25. dxe6 fxe6 26. Nxe6+ Ke7 27. Nd4 Nd7 28. Bh3 Nc5 29. Nf5+ Bxf5 30. Bxf5 Nd3 31. Rd1 b4 32. e5 Nxe5 33. f4 gxf4 34. gxf4 Nd3 35. Bxd3 Rxd3 36. Re1+ Kf6 37. Kf2 c3 38. Rb1 c2 39. Rc1 b3 40. Ke2 Rd1 41. Rxd1 cxd1Q+ 42. Kxd1 Kf5 43. Kc1 c5 44. Kb2 c4 45. Kc3 Kxf4 46. h3 b5 47. h4 b4+ 48. Kb2 Kg4 49. h5 Kxh5 50. Kc1 c3 0-1

[Event "GER-chT U18 Girls"]
[Site "Karlsruhe"]
[Date "2015.05.09"]
[Round "5.2"]
[White "Schaefer, Leonie"]
[Black "Wesselly, Luisa"]
[Result "1/2-1/2"]
[WhiteElo "792"]
[BlackElo "1032"]
[PlyCount "93"]
[EventDate "2015.05.07"]
[EventType "team-swiss"]
[EventRounds "7"]
[EventCountry "GER"]
[SourceTitle "EXT 2017"]
[Source "ChessBase"]
[SourceDate "2016.10.25"]
[SourceVersion "1"]
[SourceVersionDate "2016.10.25"]
[SourceQuality "1"]
[WhiteTeam "Lingen Franziskus (W)"]
[BlackTeam "Koethen Ludwigs (W)"]
[WhiteTeamCountry "GER"]
[BlackTeamCountry "GER"]

1. c4 e5 2. Nc3 Nf6 3. e3 Bc5 4. Nge2 d6 5. h3 Be6 6. b3 Nc6 7. g3 0-0 8. Bg2 Qd7 9. d3 Bb4 10. a3 Bxc3+ 11. Nxc3 d5 12. cxd5 Nxd5 13. Bb2 Nxc3 14. Bxc3 Bd5 15. Bxd5 Qxd5 16. e4 Qc5 17. Bb4 Nxb4 18. axb4 Qxb4+ 19. Kf1 Rad8 20. Ra4 Qd6 21. Ke2 Rd7 22. Rc4 Rfd8 23. Rc3 Qa6 24. Qc2 Qb6 25. Rc1 c6 26. f3 a5 27. Rb1 Rd4 28. Kd2 Rb4 29. f4 Qf2+ 30. Kc1 Qe3+ 31. Kb2 a4 32. Rd1 axb3 33. Rxb3 Rxb3+ 34. Qxb3 Qe2+ 35. Kc3 exf4 36. gxf4 b5 37. Rd2 Qh5 38. Qa3 f6 39. f5 Qe8 40. Qb3+ Qf7 41. Qxf7+ Kxf7 42. Ra2 c5 43. Ra7+ Ke8 44. Rc7 b4+ 45. Kd2 b3 46. Rxc5 b2 47. Rb5 1/2-1/2